000 00468nam a2200181Ia 4500
005 20250326123812.0
008 250326s9999 xx 000 0 und d
037 _aTextbook
040 _aFMSL
_beng
_cFMSL
041 _aeng
_2eng
084 _aS:7 J4
_qFMSL
100 _aMaslow A H
245 0 _aMotivation and personality
_cMaslow A H
260 _aNY
_bNY, Harper & Row
_c1954
300 _a411p
942 _cTB
_hS:7 J4
999 _c1271021
_d1271021